000 00601nam a2200217Ia 4500
003 OSt
005 20221007075334.0
006 a|||||r|||| 00| 0
007 ta
008 221006b |||||||| |||| 00| 0 eng d
024 _a14,443
037 _cTextual
040 _aFLL
_cFLL
_beng
041 _2eng
_aeng
082 _aX:533.571.N7, L2
245 0 _aRules of origin for generalised system of preferences
260 _aNew Delhi
_bIndian institute of foreign trade India
_c1972
300 _a151p
_ccm.
942 _hX:533.571.N7, L2
_cTEXL
_2CC
999 _c1155690
_d1155690